000 00485nam a22001697a 4500
005 20251108165908.0
008 250721s1987 xx 000 0 ara d
082 1 4 _a961.2/شوي
100 1 _aأبو شوشة، رضوان
245 1 0 _aعند باب البحر :
_bهوامش مجهولة من تاريخ طرابلس /
264 1 _aمصراته :
_c1987.
300 _a197ص
650 1 7 _aتاريخ ليبيا
650 1 7 _aطرابلس
942 _2ddc
_cBK
999 _c34160
_d34160